| 000 | 00347pab a2200121 454500 | ||
|---|---|---|---|
| 008 | 180718b xxu||||| |||| 00| 0 eng d | ||
| 100 | _aShukla, Vibhooti | ||
| 245 | _aRural non farm employment in India: issues and policy | ||
| 650 | _a Labour Supply | ||
| 650 | _aEmployment, Rural - India | ||
| 773 | _aEconomic and Political Weekly | ||
| 909 | _a22123 | ||
| 999 |
_c22123 _d22123 |
||